000 01022nam0a22003011 4500
001 RU\INFOCOMM_318\NLR\5000071801
005 20250613102430.0
035 _a(NLR Aleph) 009443176
090 _a8357867
_c8357867
100 _a20121126d1978 |||y0rusy50 ca
101 0 _aeng
102 _aRU
105 _ay z |||||
200 1 _aˆThe ‰living links of time
_fVictor Ilyin
210 _aM.
_cProfizdat
_d1978
215 _a48 с., 4 л. цв. ил.
_cил.
_d20 см
300 _aНа обл. авт. не указан
300 _aНа обороте тит. л.: Виктор Андреевич Ильин. Живая связь времен
607 _aг. Дзержинск
_xИстория
_2nlr_sh1
620 _aМосква
686 _aТ3(2Р-4Г-2Дзе)
_2rubbk
700 1 _9z01790
_aIl'in
_bV. A.
_f1927-
_gViktor Andreevič
790 1 _9z01700
_aIlyin
_bV.
_gVictor
_4070
801 1 _aRU
_bNLR
_c20121126
801 0 _aRU
_bINFOCOMM
_gPSBO
852 _aNLR
_jИр81 Д-4/78
942 _cBOOK
980 _aNB